NURSES HAND BOOK OF HEALTH ASSESSMENT (Record no. 7001)

MARC details
000 -LEADER
fixed length control field 00434nam a22001697a 4500
003 - CONTROL NUMBER IDENTIFIER
control field OSt
005 - DATE AND TIME OF LATEST TRANSACTION
control field 20210925115559.0
008 - FIXED-LENGTH DATA ELEMENTS--GENERAL INFORMATION
fixed length control field 210925b |||||||| |||| 00| 0 eng d
020 ## - INTERNATIONAL STANDARD BOOK NUMBER
International Standard Book Number 0-397-55326-9
040 ## - CATALOGING SOURCE
Original cataloging agency DDC
Transcribing agency HU
082 ## - DEWEY DECIMAL CLASSIFICATION NUMBER
Edition number 3RD
Classification number 610.73
Item number 9
100 ## - MAIN ENTRY--PERSONAL NAME
Personal name JANET WEBER
9 (RLIN) 7395
245 ## - TITLE STATEMENT
Title NURSES HAND BOOK OF HEALTH ASSESSMENT
250 ## - EDITION STATEMENT
Edition statement 3RD
260 ## - PUBLICATION, DISTRIBUTION, ETC.
Place of publication, distribution, etc. PHILADELPHIA
Name of publisher, distributor, etc. LIPPINCOTT PUBLISHERS
Date of publication, distribution, etc. 1997
942 ## - ADDED ENTRY ELEMENTS (KOHA)
Source of classification or shelving scheme Dewey Decimal Classification
Koha item type Books like text book referance book
Suppress in OPAC No
Holdings
Withdrawn status Lost status Source of classification or shelving scheme Damaged status Not for loan Home library Current library Date acquired Total Checkouts Full call number Barcode Date last seen Copy number Price effective from Koha item type
    Dewey Decimal Classification     College of Medicine and Health’s Sciences Library College of Medicine and Health’s Sciences Library 09/25/2021   610.73-W4-1997 CMHSL00001912 09/25/2021 1 09/25/2021 Books like text book referance book
    Dewey Decimal Classification     College of Medicine and Health’s Sciences Library College of Medicine and Health’s Sciences Library 09/25/2021   610.73-W4-1997 CMHSL00001913 09/25/2021 2 09/25/2021 Books like text book referance book
    Dewey Decimal Classification     College of Medicine and Health’s Sciences Library College of Medicine and Health’s Sciences Library 09/25/2021   610.73-W4-1997 CMHSL00001914 09/25/2021 3 09/25/2021 Books like text book referance book
    Dewey Decimal Classification     College of Medicine and Health’s Sciences Library College of Medicine and Health’s Sciences Library 09/25/2021   610.73-W4-1997 CMHSL00001915 09/25/2021 4 09/25/2021 Books like text book referance book
    Dewey Decimal Classification     College of Medicine and Health’s Sciences Library College of Medicine and Health’s Sciences Library 09/25/2021   610.73-W4-1997 CMHSL00001916 09/25/2021 5 09/25/2021 Books like text book referance book
    Dewey Decimal Classification     College of Medicine and Health’s Sciences Library College of Medicine and Health’s Sciences Library 09/25/2021   610.73-W4-1997 CMHSL00001917 09/25/2021 6 09/25/2021 Books like text book referance book
    Dewey Decimal Classification     College of Medicine and Health’s Sciences Library College of Medicine and Health’s Sciences Library 09/25/2021   610.73-W4-1997 CMHSL00001918 09/25/2021 7 09/25/2021 Books like text book referance book
    Dewey Decimal Classification     College of Medicine and Health’s Sciences Library College of Medicine and Health’s Sciences Library 09/25/2021   610.73-W4-1997 CMHSL00001919 09/25/2021 8 09/25/2021 Books like text book referance book
    Dewey Decimal Classification     College of Medicine and Health’s Sciences Library College of Medicine and Health’s Sciences Library 09/25/2021   610.73-W4-1997 CMHSL00001920 09/25/2021 9 09/25/2021 Books like text book referance book